Ч. 1; Каталог оборудования для обработки металлов, дерева и пластмасс

Bibliographic Details
Parent link:Каталог оборудования для обработки металлов, дерева и пластмасс: учебно-справочное пособие: в 2 ч./ Юргинский технологический институт (филиал ТПУ); под ред. А. П. Чурбанова. Ч. 1.— , 2006
Summary:Учебное пособие представляет справочное издание, включающее всю гамму обо­рудования для машиностроения отечественного и зарубежного производства, вклю­чая новейшие серии станков. Каталог предназначен для студентов направления 657800 "Конструкторско-технологическое обеспечение машиностроительных производств", специальности 120100 "Технология машиностроения" и других специальностей, изучающих курс оборудования машиностроительных производств. Он может быть использован для разработки курсовых проектов и выпускных квалификационных работ (ВКР), может быть полезен широкому кругу специалистов, использующих различное обрабатывающее оборудование.
Language:Russian
Published: 2006
Subjects:
Format: Book
KOHA link:https://koha.lib.tpu.ru/cgi-bin/koha/opac-detail.pl?biblionumber=108178

MARC

LEADER 00000nam2a2200000 4500
001 108178
005 20231031115545.0
035 |a (RuTPU)RU\TPU\book\116771 
090 |a 108178 
100 |a 20070116d2006 km y0rusy50 ca 
101 0 |a rus 
102 |a RU 
105 |a a bgj 000zy 
200 0 |a Ч. 1 
210 |d 2006 
215 |a 361 с.  |c ил. 
330 |a Учебное пособие представляет справочное издание, включающее всю гамму обо­рудования для машиностроения отечественного и зарубежного производства, вклю­чая новейшие серии станков. Каталог предназначен для студентов направления 657800 "Конструкторско-технологическое обеспечение машиностроительных производств", специальности 120100 "Технология машиностроения" и других специальностей, изучающих курс оборудования машиностроительных производств. Он может быть использован для разработки курсовых проектов и выпускных квалификационных работ (ВКР), может быть полезен широкому кругу специалистов, использующих различное обрабатывающее оборудование. 
461 1 |0 (RuTPU)RU\TPU\book\117665  |t Каталог оборудования для обработки металлов, дерева и пластмасс  |o учебно-справочное пособие: в 2 ч.  |f Юргинский технологический институт (филиал ТПУ); под ред. А. П. Чурбанова  |v Ч. 1  |d 2006 
610 1 |a станочное оборудование 
610 1 |a станки 
610 1 |a токарные станки 
610 1 |a сверлильно-расточные станки 
610 1 |a фрезерные станки 
610 1 |a многоцелевые станки 
610 1 |a обрабатывающие центры 
610 1 |a каталоги 
610 1 |a справочники 
610 1 |a учебные пособия 
610 1 |a технические характеристики 
610 1 |a назначение 
675 |a 621.9.06(085)(075.8)(035)  |v 3 
801 1 |a RU  |b 63413507  |c 20070116  |g PSBO 
801 2 |a RU  |b 63413507  |c 20070130  |g PSBO 
942 |c BK